[Event "Deutsche Ländermeisterschaft 2024"]
[Site "Tübingen GER"]
[Date "2024.10.05"]
[Round "6"]
[White "Gröschel, Karoline"]
[Black "Baranyai-Molnar, Adam-Kristof"]
[Result "0-1"]
[Termination "normal"]
[Board "2.3"]
[WhiteElo "1968"]
[BlackElo "2179"]
[WhiteClock "00:10:58"]
[BlackClock "01:21:05"]
[WhiteTeam "Rheinland-Pfalz"]
[BlackTeam "Hessen"]
[PlyCount "140"]
[WhiteFideId "34610537"]
[BlackFideId "768022"]
[EventCountry "GER"]
[EventRounds "7"]
[EventType "team-swiss"]
[EventDate "2024.10.02"]

1. e4 {[%clk 01:30:57]} {[%emt 00:00:03]} e5 {[%clk 01:30:56]} {[%emt
00:00:04]} 2. Nf3 {[%clk 01:30:37]} {[%emt 00:00:50]} Nc6 {[%clk 01:31:21]}
{[%emt 00:00:05]} 3. Bb5 {[%clk 01:31:03]} {[%emt 00:00:03]} a6 {[%clk
01:31:48]} {[%emt 00:00:04]} 4. Ba4 {[%clk 01:31:30]} {[%emt 00:00:03]} f5
{[%clk 01:32:15]} {[%emt 00:00:03]} 5. d4 {[%clk 01:30:00]} {[%emt 00:02:00]}
exd4 {[%clk 01:32:41]} {[%emt 00:00:04]} 6. e5 {[%clk 01:29:23]} {[%emt
00:01:07]} b5 {[%clk 01:33:08]} {[%emt 00:00:03]} 7. Bb3 {[%clk 01:29:50]}
{[%emt 00:00:04]} Bb7 {[%clk 01:33:35]} {[%emt 00:00:03]} 8. O-O {[%clk
01:26:08]} {[%emt 00:04:11]} Na5 {[%clk 01:34:02]} {[%emt 00:00:04]} 9. Bxg8
{[%clk 01:19:19]} {[%emt 00:07:18]} Rxg8 {[%clk 01:34:25]} {[%emt 00:00:05]}
10. Nxd4 {[%clk 01:18:03]} {[%emt 00:01:48]} Qh4 {[%clk 01:34:44]} {[%emt
00:00:11]} 11. Nc3 {[%clk 01:13:42]} {[%emt 00:04:51]} g6 {[%clk 01:31:54]}
{[%emt 00:03:20]} 12. Nf3 {[%clk 01:06:22]} {[%emt 00:07:50]} Qg4 {[%clk
01:28:30]} {[%emt 00:03:55]} 13. Nd5 {[%clk 01:04:54]} {[%emt 00:01:57]} O-O-O
{[%clk 01:28:25]} {[%emt 00:00:36]} 14. Bg5 {[%clk 01:03:49]} {[%emt 00:01:34]}
Bg7 {[%clk 01:26:30]} {[%emt 00:02:25]} 15. Bxd8 {[%clk 01:00:34]} {[%emt
00:03:45]} Rxd8 {[%clk 01:26:56]} {[%emt 00:00:04]} 16. Re1 {[%clk 00:56:52]}
{[%emt 00:04:13]} Qc4 {[%clk 01:25:34]} {[%emt 00:01:51]} 17. Ne3 {[%clk
00:54:22]} {[%emt 00:03:00]} Qc6 {[%clk 01:25:04]} {[%emt 00:00:59]} 18. Nd4
{[%clk 00:48:07]} {[%emt 00:06:45]} Qe4 {[%clk 01:21:38]} {[%emt 00:03:57]} 19.
f3 {[%clk 00:48:02]} {[%emt 00:00:35]} Qh4 {[%clk 01:21:57]} {[%emt 00:00:11]}
20. Nexf5 {[%clk 00:34:13]} {[%emt 00:14:19]} gxf5 {[%clk 01:21:51]} {[%emt
00:00:36]} 21. Nxf5 {[%clk 00:34:37]} {[%emt 00:00:06]} Qg5 {[%clk 01:21:25]}
{[%emt 00:00:56]} 22. Nxg7 {[%clk 00:34:55]} {[%emt 00:00:12]} Qxg7 {[%clk
01:21:49]} {[%emt 00:00:05]} 23. b3 {[%clk 00:31:10]} {[%emt 00:04:16]} Nc6
{[%clk 01:20:35]} {[%emt 00:01:44]} 24. Kh1 {[%clk 00:25:39]} {[%emt 00:06:01]}
Rg8 {[%clk 01:18:48]} {[%emt 00:02:17]} 25. Re2 {[%clk 00:25:35]} {[%emt
00:00:33]} Nxe5 {[%clk 01:17:56]} {[%emt 00:01:24]} 26. Qd4 {[%clk 00:25:08]}
{[%emt 00:00:56]} d6 {[%clk 01:18:22]} {[%emt 00:00:04]} 27. Rf1 {[%clk
00:23:40]} {[%emt 00:01:58]} h5 {[%clk 01:11:57]} {[%emt 00:06:55]} 28. c4
{[%clk 00:18:55]} {[%emt 00:05:15]} Nc6 {[%clk 01:03:20]} {[%emt 00:09:07]} 29.
Qh4 {[%clk 00:18:32]} {[%emt 00:00:53]} Qg5 {[%clk 01:01:28]} {[%emt 00:02:22]}
30. Qh3+ {[%clk 00:17:13]} {[%emt 00:01:49]} Kb8 {[%clk 01:01:51]} {[%emt
00:00:06]} 31. cxb5 {[%clk 00:16:37]} {[%emt 00:01:07]} axb5 {[%clk 01:02:16]}
{[%emt 00:00:05]} 32. f4 {[%clk 00:12:32]} {[%emt 00:04:35]} Qg4 {[%clk
00:57:06]} {[%emt 00:05:40]} 33. Qxg4 {[%clk 00:09:53]} {[%emt 00:03:09]} hxg4
{[%clk 00:57:32]} {[%emt 00:00:05]} 34. Re3 {[%clk 00:07:58]} {[%emt 00:02:24]}
Rf8 {[%clk 00:56:45]} {[%emt 00:01:17]} 35. h3 {[%clk 00:06:44]} {[%emt
00:01:45]} gxh3 {[%clk 00:56:42]} {[%emt 00:00:32]} 36. Rxh3 {[%clk 00:07:09]}
{[%emt 00:00:05]} Nd4 {[%clk 00:56:50]} {[%emt 00:00:22]} 37. Kh2 {[%clk
00:06:47]} {[%emt 00:00:52]} Bc8 {[%clk 00:55:34]} {[%emt 00:01:46]} 38. Rh5
{[%clk 00:04:10]} {[%emt 00:03:08]} Bf5 {[%clk 00:53:49]} {[%emt 00:02:14]} 39.
Rg5 {[%clk 00:01:31]} {[%emt 00:03:10]} Ne6 {[%clk 00:52:34]} {[%emt 00:01:44]}
40. Rh5 {[%clk 00:01:25]} {[%emt 00:00:36]} c5 {[%clk 00:52:19]} {[%emt
00:00:45]} 41. Kg3 {[%clk 00:28:07]} {[%emt 00:03:47]} Kc7 {[%clk 01:20:31]}
{[%emt 00:02:19]} 42. Kh4 {[%clk 00:20:49]} {[%emt 00:07:48]} Bd3 {[%clk
01:20:03]} {[%emt 00:00:58]} 43. Rf2 {[%clk 00:17:24]} {[%emt 00:03:54]} Nxf4
{[%clk 01:19:38]} {[%emt 00:00:55]} 44. Rg5 {[%clk 00:16:14]} {[%emt 00:01:39]}
Kc6 {[%clk 01:16:27]} {[%emt 00:03:43]} 45. Kg4 {[%clk 00:15:20]} {[%emt
00:01:24]} Be2+ {[%clk 01:16:39]} {[%emt 00:00:18]} 46. Kh4 {[%clk 00:12:40]}
{[%emt 00:03:10]} Rh8+ {[%clk 01:16:50]} {[%emt 00:00:19]} 47. Kg3 {[%clk
00:12:57]} {[%emt 00:00:12]} Nh5+ {[%clk 01:17:13]} {[%emt 00:00:08]} 48. Kh2
{[%clk 00:12:43]} {[%emt 00:00:44]} Nf6+ {[%clk 01:17:38]} {[%emt 00:00:05]}
49. Kg1 {[%clk 00:12:41]} {[%emt 00:00:31]} Ne4 {[%clk 01:18:05]} {[%emt
00:00:04]} 50. Rxc5+ {[%clk 00:12:39]} {[%emt 00:00:32]} Kxc5 {[%clk 01:18:16]}
{[%emt 00:00:19]} 51. Rxe2 {[%clk 00:13:04]} {[%emt 00:00:05]} Nc3 {[%clk
01:17:59]} {[%emt 00:00:48]} 52. Rc2 {[%clk 00:12:46]} {[%emt 00:00:47]} Kb4
{[%clk 01:18:21]} {[%emt 00:00:07]} 53. Rd2 {[%clk 00:12:21]} {[%emt 00:00:55]}
d5 {[%clk 01:18:42]} {[%emt 00:00:10]} 54. g3 {[%clk 00:11:20]} {[%emt
00:01:30]} Ka3 {[%clk 01:17:06]} {[%emt 00:02:08]} 55. Kg2 {[%clk 00:11:23]}
{[%emt 00:00:26]} Rd8 {[%clk 01:17:23]} {[%emt 00:00:13]} 56. g4 {[%clk
00:10:47]} {[%emt 00:01:06]} Nxa2 {[%clk 01:17:25]} {[%emt 00:00:28]} 57. g5
{[%clk 00:10:40]} {[%emt 00:00:37]} Kxb3 {[%clk 01:17:39]} {[%emt 00:00:16]}
58. Kf3 {[%clk 00:11:05]} {[%emt 00:00:05]} d4 {[%clk 01:16:46]} {[%emt
00:01:23]} 59. Ke4 {[%clk 00:11:12]} {[%emt 00:00:23]} Nc3+ {[%clk 01:17:09]}
{[%emt 00:00:07]} 60. Kf5 {[%clk 00:10:43]} {[%emt 00:00:59]} Rd5+ {[%clk
01:17:19]} {[%emt 00:00:21]} 61. Ke6 {[%clk 00:09:42]} {[%emt 00:01:30]} Rxg5
{[%clk 01:17:36]} {[%emt 00:00:14]} 62. Rxd4 {[%clk 00:10:04]} {[%emt
00:00:08]} b4 {[%clk 01:17:58]} {[%emt 00:00:07]} 63. Kf6 {[%clk 00:09:53]}
{[%emt 00:00:40]} Rd5 {[%clk 01:18:18]} {[%emt 00:00:11]} 64. Rh4 {[%clk
00:09:50]} {[%emt 00:00:32]} Ka3 {[%clk 01:18:43]} {[%emt 00:00:06]} 65. Rh3
{[%clk 00:10:04]} {[%emt 00:00:15]} Rc5 {[%clk 01:19:01]} {[%emt 00:00:12]} 66.
Ke6 {[%clk 00:10:18]} {[%emt 00:00:16]} b3 {[%clk 01:19:24]} {[%emt 00:00:07]}
67. Kd6 {[%clk 00:10:37]} {[%emt 00:00:11]} Rc4 {[%clk 01:19:51]} {[%emt
00:00:04]} 68. Rh8 {[%clk 00:10:27]} {[%emt 00:00:40]} b2 {[%clk 01:20:15]}
{[%emt 00:00:06]} 69. Ra8+ {[%clk 00:10:48]} {[%emt 00:00:09]} Na4 {[%clk
01:20:39]} {[%emt 00:00:06]} 70. Rb8 {[%clk 00:10:58]} {[%emt 00:00:19]} Rb4
{[%clk 01:21:05]} {[%emt 00:00:04]} 0-1

[Event "Deutsche Ländermeisterschaft 2024"]
[Site "Tübingen GER"]
[Date "2024.10.05"]
[Round "6"]
[White "Mester, Philipp"]
[Black "Mader, Fabian"]
[Result "1/2-1/2"]
[Termination "normal"]
[Board "2.4"]
[WhiteElo "1996"]
[BlackElo "1963"]
[WhiteClock "00:09:30"]
[BlackClock "00:09:13"]
[WhiteTeam "Hessen"]
[BlackTeam "Rheinland-Pfalz"]
[PlyCount "96"]
[WhiteFideId "34624902"]
[BlackFideId "16265866"]
[EventCountry "GER"]
[EventRounds "7"]
[EventType "team-swiss"]
[EventDate "2024.10.02"]

1. d4 {[%clk 01:30:58]} Nf6 {[%clk 01:30:54]} {[%emt 00:00:07]} 2. c4 {[%clk
01:31:25]} {[%emt 00:00:04]} g6 {[%clk 01:31:16]} {[%emt 00:00:08]} 3. f3
{[%clk 01:31:46]} {[%emt 00:00:09]} d5 {[%clk 01:31:24]} {[%emt 00:00:21]} 4.
cxd5 {[%clk 01:32:12]} {[%emt 00:00:04]} Nxd5 {[%clk 01:31:50]} {[%emt
00:00:05]} 5. e4 {[%clk 01:32:38]} {[%emt 00:00:04]} Nb6 {[%clk 01:32:11]}
{[%emt 00:00:08]} 6. Nc3 {[%clk 01:33:04]} {[%emt 00:00:04]} Bg7 {[%clk
01:32:30]} {[%emt 00:00:11]} 7. Be3 {[%clk 01:33:29]} {[%emt 00:00:05]} O-O
{[%clk 01:32:46]} {[%emt 00:00:13]} 8. Qd2 {[%clk 01:33:56]} {[%emt 00:00:04]}
Nc6 {[%clk 01:32:30]} {[%emt 00:00:46]} 9. O-O-O {[%clk 01:34:12]} {[%emt
00:00:14]} f5 {[%clk 01:32:29]} {[%emt 00:00:31]} 10. e5 {[%clk 01:34:31]}
{[%emt 00:00:11]} Nb4 {[%clk 01:32:00]} {[%emt 00:00:59]} 11. Kb1 {[%clk
01:32:47]} {[%emt 00:02:14]} Be6 {[%clk 01:31:28]} {[%emt 00:01:02]} 12. Nh3
{[%clk 01:31:32]} {[%emt 00:01:44]} Qd7 {[%clk 01:30:45]} {[%emt 00:01:15]} 13.
Nf4 {[%clk 01:29:08]} {[%emt 00:02:52]} Bf7 {[%clk 01:29:46]} {[%emt 00:01:30]}
14. h4 {[%clk 01:27:02]} {[%emt 00:02:36]} h5 {[%clk 01:27:52]} {[%emt
00:02:24]} 15. g4 {[%clk 01:21:00]} {[%emt 00:06:32]} fxg4 {[%clk 01:26:47]}
{[%emt 00:01:35]} 16. fxg4 {[%clk 01:20:32]} {[%emt 00:00:58]} Rad8 {[%clk
01:23:55]} {[%emt 00:03:21]} 17. Bd3 {[%clk 01:12:19]} {[%emt 00:08:43]} Nxd3
{[%clk 01:19:32]} {[%emt 00:04:53]} 18. Qxd3 {[%clk 01:12:19]} {[%emt
00:00:31]} hxg4 {[%clk 01:01:09]} {[%emt 00:18:53]} 19. h5 {[%clk 01:08:21]}
{[%emt 00:04:29]} gxh5 {[%clk 00:53:30]} {[%emt 00:08:08]} 20. Nxh5 {[%clk
01:05:37]} {[%emt 00:03:14]} Bc4 {[%clk 00:53:21]} {[%emt 00:00:38]} 21. Qe4
{[%clk 00:55:42]} {[%emt 00:10:25]} Qf5 {[%clk 00:52:27]} {[%emt 00:01:25]} 22.
Nxg7 {[%clk 00:54:57]} {[%emt 00:01:14]} Kxg7 {[%clk 00:51:37]} {[%emt
00:01:20]} 23. Bh6+ {[%clk 00:54:50]} {[%emt 00:00:38]} Kg6 {[%clk 00:51:47]}
{[%emt 00:00:21]} 24. Bxf8 {[%clk 00:54:29]} {[%emt 00:00:50]} Qxe4+ {[%clk
00:51:28]} {[%emt 00:00:49]} 25. Nxe4 {[%clk 00:54:36]} {[%emt 00:00:23]} Rxf8
{[%clk 00:51:51]} {[%emt 00:00:07]} 26. Rhg1 {[%clk 00:46:43]} {[%emt
00:08:23]} Rf4 {[%clk 00:51:38]} {[%emt 00:00:42]} 27. Nc3 {[%clk 00:45:08]}
{[%emt 00:02:05]} Nd5 {[%clk 00:49:18]} {[%emt 00:02:51]} 28. Rg3 {[%clk
00:40:50]} {[%emt 00:04:47]} Kg5 {[%clk 00:47:37]} {[%emt 00:02:11]} 29. b3
{[%clk 00:37:22]} {[%emt 00:03:59]} Nxc3+ {[%clk 00:46:39]} {[%emt 00:01:27]}
30. Rxc3 {[%clk 00:36:56]} {[%emt 00:00:57]} Be2 {[%clk 00:46:00]} {[%emt
00:01:09]} 31. Re1 {[%clk 00:35:39]} {[%emt 00:01:47]} Rf1 {[%clk 00:45:11]}
{[%emt 00:01:19]} 32. Rxf1 {[%clk 00:35:01]} {[%emt 00:01:08]} Bxf1 {[%clk
00:45:34]} {[%emt 00:00:07]} 33. Kc1 {[%clk 00:33:38]} {[%emt 00:01:53]} c6
{[%clk 00:42:17]} {[%emt 00:03:46]} 34. Kd2 {[%clk 00:31:49]} {[%emt 00:02:20]}
Kf4 {[%clk 00:37:14]} {[%emt 00:05:32]} 35. d5 {[%clk 00:30:38]} {[%emt
00:01:41]} Kxe5 {[%clk 00:28:36]} {[%emt 00:09:08]} 36. dxc6 {[%clk 00:30:39]}
{[%emt 00:00:30]} bxc6 {[%clk 00:28:58]} {[%emt 00:00:09]} 37. Rxc6 {[%clk
00:29:55]} {[%emt 00:01:13]} g3 {[%clk 00:28:39]} {[%emt 00:00:49]} 38. Ke3
{[%clk 00:29:44]} {[%emt 00:00:40]} g2 {[%clk 00:28:56]} {[%emt 00:00:14]} 39.
Kf2 {[%clk 00:29:00]} {[%emt 00:01:14]} a6 {[%clk 00:28:53]} {[%emt 00:00:33]}
40. b4 {[%clk 00:26:02]} {[%emt 00:03:28]} Kd5 {[%clk 00:27:23]} {[%emt
00:02:00]} 41. Rc5+ {[%clk 00:22:35]} {[%emt 00:03:56]} Kd4 {[%clk 00:27:29]}
{[%emt 00:00:25]} 42. a4 {[%clk 00:22:15]} {[%emt 00:00:50]} e5 {[%clk
00:27:34]} {[%emt 00:00:25]} 43. Rc1 {[%clk 00:20:21]} {[%emt 00:02:23]} e4
{[%clk 00:27:06]} {[%emt 00:00:59]} 44. Rb1 {[%clk 00:15:32]} {[%emt 00:05:18]}
e3+ {[%clk 00:25:13]} {[%emt 00:02:23]} 45. Kg1 {[%clk 00:15:37]} {[%emt
00:00:25]} Kd5 {[%clk 00:14:37]} {[%emt 00:11:06]} 46. b5 {[%clk 00:13:36]}
{[%emt 00:02:31]} axb5 {[%clk 00:09:10]} {[%emt 00:05:58]} 47. axb5 {[%clk
00:13:34]} {[%emt 00:00:32]} Bd3 {[%clk 00:09:06]} {[%emt 00:00:33]} 48. Re1
{[%clk 00:09:30]} {[%emt 00:04:34]} Bxb5 {[%clk 00:09:13]} {[%emt 00:00:23]}
1/2-1/2

[Event "Deutsche Ländermeisterschaft 2024"]
[Site "Tübingen GER"]
[Date "2024.10.05"]
[Round "6"]
[White "Müller, Riyanna"]
[Black "Buchholz, Maja Patricia"]
[Result "0-1"]
[Termination "normal"]
[Board "2.5"]
[WhiteElo "2014"]
[BlackElo "1968"]
[WhiteClock "00:01:54"]
[BlackClock "00:03:08"]
[WhiteTeam "Rheinland-Pfalz"]
[BlackTeam "Hessen"]
[PlyCount "124"]
[WhiteFideId "16287401"]
[BlackFideId "16200500"]
[EventCountry "GER"]
[EventRounds "7"]
[EventType "team-swiss"]
[EventDate "2024.10.02"]

1. e4 {[%clk 01:30:57]} {[%emt 00:00:02]} e6 {[%clk 01:30:55]} {[%emt
00:00:06]} 2. d4 {[%clk 01:31:20]} {[%emt 00:00:07]} d5 {[%clk 01:31:19]}
{[%emt 00:00:06]} 3. Nd2 {[%clk 01:31:42]} {[%emt 00:00:07]} c5 {[%clk
01:31:36]} {[%emt 00:00:13]} 4. Ngf3 {[%clk 01:31:44]} {[%emt 00:00:28]} Nf6
{[%clk 01:26:24]} {[%emt 00:05:43]} 5. exd5 {[%clk 01:31:16]} {[%emt 00:00:58]}
Qxd5 {[%clk 01:21:36]} {[%emt 00:05:19]} 6. Bc4 {[%clk 01:30:37]} {[%emt
00:01:08]} Qd7 {[%clk 01:16:58]} {[%emt 00:05:07]} 7. O-O {[%clk 01:29:34]}
{[%emt 00:01:33]} Nc6 {[%clk 01:05:49]} {[%emt 00:11:40]} 8. Nb3 {[%clk
01:29:25]} {[%emt 00:00:39]} cxd4 {[%clk 01:05:09]} {[%emt 00:01:10]} 9. Nbxd4
{[%clk 01:29:36]} {[%emt 00:00:19]} Nxd4 {[%clk 01:04:53]} {[%emt 00:00:46]}
10. Qxd4 {[%clk 01:29:29]} {[%emt 00:00:36]} Qxd4 {[%clk 01:04:30]} {[%emt
00:00:54]} 11. Nxd4 {[%clk 01:29:51]} {[%emt 00:00:08]} a6 {[%clk 01:04:46]}
{[%emt 00:00:14]} 12. Be2 {[%clk 01:29:10]} {[%emt 00:01:10]} Be7 {[%clk
01:01:13]} {[%emt 00:04:04]} 13. Re1 {[%clk 01:27:29]} {[%emt 00:02:10]} O-O
{[%clk 00:54:52]} {[%emt 00:06:52]} 14. Bf4 {[%clk 01:15:56]} {[%emt 00:12:03]}
Nd5 {[%clk 00:53:51]} {[%emt 00:01:30]} 15. Bg3 {[%clk 01:16:01]} {[%emt
00:00:25]} Bf6 {[%clk 00:50:06]} {[%emt 00:04:16]} 16. Rad1 {[%clk 01:12:43]}
{[%emt 00:03:48]} b5 {[%clk 00:48:57]} {[%emt 00:01:38]} 17. Bf3 {[%clk
01:11:37]} {[%emt 00:01:36]} Bb7 {[%clk 00:48:17]} {[%emt 00:01:10]} 18. c3
{[%clk 01:05:44]} {[%emt 00:06:23]} Rac8 {[%clk 00:40:24]} {[%emt 00:08:24]}
19. Nc2 {[%clk 00:33:13]} {[%emt 00:33:01]} Ba8 {[%clk 00:37:15]} {[%emt
00:03:39]} 20. Bxd5 {[%clk 00:32:58]} {[%emt 00:00:45]} Bxd5 {[%clk 00:36:49]}
{[%emt 00:00:57]} 21. Nb4 {[%clk 00:33:22]} {[%emt 00:00:06]} Bc4 {[%clk
00:32:58]} {[%emt 00:04:20]} 22. Nxa6 {[%clk 00:32:28]} {[%emt 00:01:24]} Bxa2
{[%clk 00:33:09]} {[%emt 00:00:18]} 23. Nb4 {[%clk 00:26:24]} {[%emt 00:06:34]}
Bb3 {[%clk 00:32:38]} {[%emt 00:01:02]} 24. Rd3 {[%clk 00:24:43]} {[%emt
00:02:10]} Rfd8 {[%clk 00:30:26]} {[%emt 00:02:42]} 25. Be5 {[%clk 00:24:00]}
{[%emt 00:01:13]} Bxe5 {[%clk 00:22:58]} {[%emt 00:07:59]} 26. Rxe5 {[%clk
00:24:19]} {[%emt 00:00:10]} Rxd3 {[%clk 00:23:04]} {[%emt 00:00:24]} 27. Nxd3
{[%clk 00:24:43]} {[%emt 00:00:06]} Rd8 {[%clk 00:23:08]} {[%emt 00:00:27]} 28.
Re3 {[%clk 00:23:41]} {[%emt 00:01:31]} Bc4 {[%clk 00:22:44]} {[%emt 00:00:55]}
29. Ne1 {[%clk 00:24:05]} {[%emt 00:00:06]} Rd2 {[%clk 00:22:05]} {[%emt
00:01:09]} 30. b4 {[%clk 00:24:25]} {[%emt 00:00:10]} Kf8 {[%clk 00:20:10]}
{[%emt 00:02:26]} 31. h3 {[%clk 00:21:56]} {[%emt 00:02:58]} Ke7 {[%clk
00:18:56]} {[%emt 00:01:44]} 32. Nf3 {[%clk 00:20:55]} {[%emt 00:01:31]} Rd1+
{[%clk 00:18:24]} {[%emt 00:01:02]} 33. Kh2 {[%clk 00:19:42]} {[%emt 00:01:43]}
Rd3 {[%clk 00:15:07]} {[%emt 00:03:47]} 34. Rxd3 {[%clk 00:19:42]} {[%emt
00:00:30]} Bxd3 {[%clk 00:15:36]} {[%emt 00:00:02]} 35. Nd2 {[%clk 00:17:59]}
{[%emt 00:02:13]} e5 {[%clk 00:10:13]} {[%emt 00:05:52]} 36. g4 {[%clk
00:10:51]} {[%emt 00:07:38]} e4 {[%clk 00:08:16]} {[%emt 00:02:28]} 37. Kg3
{[%clk 00:06:58]} {[%emt 00:04:22]} g5 {[%clk 00:06:32]} {[%emt 00:02:14]} 38.
h4 {[%clk 00:05:59]} {[%emt 00:01:29]} f6 {[%clk 00:04:45]} {[%emt 00:02:17]}
39. hxg5 {[%clk 00:05:52]} {[%emt 00:00:37]} fxg5 {[%clk 00:05:10]} {[%emt
00:00:05]} 40. Kg2 {[%clk 00:05:19]} {[%emt 00:01:02]} Ke6 {[%clk 00:04:50]}
{[%emt 00:00:52]} 41. Kh2 {[%clk 00:04:52]} {[%emt 00:00:56]} Kd5 {[%clk
00:04:48]} {[%emt 00:00:33]} 42. Kg2 {[%clk 00:04:58]} {[%emt 00:00:23]} Be2
{[%clk 00:02:37]} {[%emt 00:02:41]} 43. Kh3 {[%clk 00:04:28]} {[%emt 00:00:59]}
Bd3 {[%clk 00:30:02]} {[%emt 00:03:05]} 44. Kg2 {[%clk 00:33:23]} {[%emt
00:01:35]} Ke5 {[%clk 00:28:39]} {[%emt 00:01:54]} 45. Kg3 {[%clk 00:33:44]}
{[%emt 00:00:09]} Be2 {[%clk 00:27:25]} {[%emt 00:01:45]} 46. Nb3 {[%clk
00:33:28]} {[%emt 00:00:45]} e3 {[%clk 00:12:32]} {[%emt 00:15:24]} 47. Nd4
{[%clk 00:33:47]} {[%emt 00:00:11]} Bxg4 {[%clk 00:04:14]} {[%emt 00:08:47]}
48. fxe3 {[%clk 00:28:21]} {[%emt 00:05:56]} Bd7 {[%clk 00:04:26]} {[%emt
00:00:19]} 49. Nf3+ {[%clk 00:26:19]} {[%emt 00:02:32]} Kf6 {[%clk 00:03:57]}
{[%emt 00:00:58]} 50. Nd2 {[%clk 00:24:10]} {[%emt 00:02:39]} h5 {[%clk
00:03:24]} {[%emt 00:01:03]} 51. c4 {[%clk 00:23:27]} {[%emt 00:01:13]} h4+
{[%clk 00:02:19]} {[%emt 00:01:35]} 52. Kh2 {[%clk 00:23:16]} {[%emt 00:00:41]}
bxc4 {[%clk 00:02:12]} {[%emt 00:00:38]} 53. Nxc4 {[%clk 00:23:39]} {[%emt
00:00:07]} g4 {[%clk 00:02:27]} {[%emt 00:00:15]} 54. Nd2 {[%clk 00:13:27]}
{[%emt 00:10:41]} Bc6 {[%clk 00:02:09]} {[%emt 00:00:49]} 55. Kg1 {[%clk
00:11:42]} {[%emt 00:02:14]} Kg5 {[%clk 00:02:09]} {[%emt 00:00:30]} 56. Kh2
{[%clk 00:07:15]} {[%emt 00:04:57]} g3+ {[%clk 00:02:09]} {[%emt 00:00:31]} 57.
Kh3 {[%clk 00:07:22]} {[%emt 00:00:22]} Bd7+ {[%clk 00:02:35]} {[%emt
00:00:04]} 58. Kg2 {[%clk 00:07:41]} {[%emt 00:00:11]} Kg4 {[%clk 00:02:56]}
{[%emt 00:00:09]} 59. e4 {[%clk 00:06:56]} {[%emt 00:01:15]} Bc6 {[%clk
00:02:50]} {[%emt 00:00:36]} 60. Kg1 {[%clk 00:04:15]} {[%emt 00:03:11]} Kf4
{[%clk 00:02:53]} {[%emt 00:00:28]} 61. b5 {[%clk 00:02:45]} {[%emt 00:02:00]}
Bxb5 {[%clk 00:02:50]} {[%emt 00:00:32]} 62. e5 {[%clk 00:01:54]} {[%emt
00:01:21]} Bd7 {[%clk 00:03:08]} {[%emt 00:00:12]} 0-1

[Event "Deutsche Ländermeisterschaft 2024"]
[Site "Tübingen GER"]
[Date "2024.10.05"]
[Round "6"]
[White "Stehning, Toni"]
[Black "Vranckx, Oscar"]
[Result "0-1"]
[Termination "normal"]
[Board "2.6"]
[WhiteElo "1817"]
[BlackElo "1933"]
[WhiteClock "00:55:09"]
[BlackClock "01:16:31"]
[WhiteTeam "Hessen"]
[BlackTeam "Rheinland-Pfalz"]
[PlyCount "62"]
[WhiteFideId "34623477"]
[BlackFideId "34608788"]
[EventCountry "GER"]
[EventRounds "7"]
[EventType "team-swiss"]
[EventDate "2024.10.02"]

1. e4 {[%clk 01:30:59]} c5 {[%clk 01:30:52]} {[%emt 00:00:07]} 2. Nf3 {[%clk
01:31:26]} {[%emt 00:00:04]} Nc6 {[%clk 01:31:11]} {[%emt 00:00:10]} 3. d4
{[%clk 01:31:49]} {[%emt 00:00:08]} cxd4 {[%clk 01:31:34]} {[%emt 00:00:07]} 4.
Nxd4 {[%clk 01:32:13]} {[%emt 00:00:06]} e5 {[%clk 01:31:54]} {[%emt 00:00:09]}
5. Nb5 {[%clk 01:32:38]} {[%emt 00:00:06]} d6 {[%clk 01:32:01]} {[%emt
00:00:23]} 6. c4 {[%clk 01:32:57]} {[%emt 00:00:11]} Be7 {[%clk 01:32:23]}
{[%emt 00:00:07]} 7. N1c3 {[%clk 01:33:17]} {[%emt 00:00:11]} a6 {[%clk
01:32:41]} {[%emt 00:00:12]} 8. Na3 {[%clk 01:33:42]} {[%emt 00:00:05]} f5
{[%clk 01:32:43]} {[%emt 00:00:28]} 9. exf5 {[%clk 01:34:04]} {[%emt 00:00:09]}
Bxf5 {[%clk 01:33:05]} {[%emt 00:00:07]} 10. Nc2 {[%clk 01:34:27]} {[%emt
00:00:06]} Nf6 {[%clk 01:33:25]} {[%emt 00:00:11]} 11. Ne3 {[%clk 01:34:41]}
{[%emt 00:00:17]} Be6 {[%clk 01:33:44]} {[%emt 00:00:10]} 12. Be2 {[%clk
01:34:52]} {[%emt 00:00:19]} O-O {[%clk 01:34:03]} {[%emt 00:00:11]} 13. O-O
{[%clk 01:35:07]} {[%emt 00:00:15]} Qd7 {[%clk 01:34:09]} {[%emt 00:00:24]} 14.
b3 {[%clk 01:35:28]} {[%emt 00:00:09]} Rae8 {[%clk 01:34:29]} {[%emt 00:00:09]}
15. Ba3 {[%clk 01:34:39]} {[%emt 00:01:19]} Nd4 {[%clk 01:33:49]} {[%emt
00:01:10]} 16. Nc2 {[%clk 01:30:47]} {[%emt 00:04:23]} Nxe2+ {[%clk 01:24:44]}
{[%emt 00:09:36]} 17. Qxe2 {[%clk 01:30:51]} {[%emt 00:00:26]} Nh5 {[%clk
01:23:16]} {[%emt 00:01:58]} 18. Ne3 {[%clk 01:20:36]} {[%emt 00:10:43]} Nf4
{[%clk 01:22:54]} {[%emt 00:00:53]} 19. Qd2 {[%clk 01:20:24]} {[%emt 00:00:41]}
b5 {[%clk 01:20:36]} {[%emt 00:02:49]} 20. Ncd5 {[%clk 01:11:22]} {[%emt
00:09:32]} Bg5 {[%clk 01:17:52]} {[%emt 00:03:14]} 21. Bxd6 {[%clk 01:04:54]}
{[%emt 00:06:58]} Nxd5 {[%clk 01:16:17]} {[%emt 00:02:05]} 22. Bxf8 {[%clk
01:04:55]} {[%emt 00:00:29]} Nxe3 {[%clk 01:16:40]} {[%emt 00:00:07]} 23. Qxd7
{[%clk 01:04:57]} {[%emt 00:00:28]} Bxd7 {[%clk 01:17:06]} {[%emt 00:00:04]}
24. fxe3 {[%clk 01:05:05]} {[%emt 00:00:22]} Bxe3+ {[%clk 01:17:31]} {[%emt
00:00:05]} 25. Kh1 {[%clk 01:05:28]} {[%emt 00:00:07]} Rxf8 {[%clk 01:17:56]}
{[%emt 00:00:05]} 26. Rxf8+ {[%clk 01:02:40]} {[%emt 00:03:18]} Kxf8 {[%clk
01:17:56]} {[%emt 00:00:30]} 27. cxb5 {[%clk 01:02:59]} {[%emt 00:00:11]} Bxb5
{[%clk 01:18:01]} {[%emt 00:00:25]} 28. a4 {[%clk 01:00:55]} {[%emt 00:02:33]}
Bd3 {[%clk 01:18:13]} {[%emt 00:00:18]} 29. b4 {[%clk 00:56:07]} {[%emt
00:05:19]} Bd4 {[%clk 01:16:05]} {[%emt 00:02:39]} 30. Re1 {[%clk 00:55:48]}
{[%emt 00:00:48]} e4 {[%clk 01:16:26]} {[%emt 00:00:09]} 31. b5 {[%clk
00:55:09]} {[%emt 00:01:08]} e3 {[%clk 01:16:31]} {[%emt 00:00:26]} 0-1